header

Up North (Record no. 244826)

MARC details
000 -LEADER
fixed length control field 01309nam a2200325Ia 4500
082 04 - DEWEY DECIMAL CLASSIFICATION NUMBER
Classification number 977.6/771
100 1# - MAIN ENTRY--AUTHOR NAME
Personal name Cook, Sam.
245 10 - TITLE STATEMENT
Title Up North
250 ## - EDITION STATEMENT
Edition statement 1st University of Minnesota Press ed.
260 ## - PUBLICATION, DISTRIBUTION, ETC. (IMPRINT)
Place of publication Minneapolis :
Name of publisher University of Minnesota Press,
Year of publication 2003.
300 ## - PHYSICAL DESCRIPTION
Number of Pages 180 p.
500 ## - GENERAL NOTE
General note Originally published: Duluth, MN : Pfeifer-Hamilton, c1986.
650 #0 - SUBJECT ADDED ENTRY--TOPICAL TERM
Topical Term Outdoor life
856 40 - ELECTRONIC LOCATION AND ACCESS
Uniform Resource Identifier http://site.ebrary.com/lib/rucke/Doc?id=10159553

No items available.

© 2026 Rongo University
Contact us: librarian | system librarian | Rongo university